| 000 | 00869nam a2200253 i 4500 | ||
|---|---|---|---|
| 001 | 120725 | ||
| 003 | ES-MaACL | ||
| 005 | 20250812053011.0 | ||
| 007 | t| | ||
| 008 | 150113s1995 sp r ||||1| spa d | ||
| 020 | _a84-7774-579-X | ||
| 080 | _a1 Benjamin, Walter:32 | ||
| 080 | _a1 Benjamin, Walter:308 | ||
| 100 | 1 |
_aBuck-Morss, Susan. _9156108 |
|
| 245 | 1 | 0 |
_aDialéctica de la mirada _b: Walter Benjamin y el proyecto de los Pasajes / Susan Buck-Morss ; [traducción de Nora Rabotnikof]. |
| 260 |
_aMadrid : _bVisor, _c[1995] |
||
| 300 |
_a418 p. : _bil. ; _c24 cm. |
||
| 490 | 1 |
_aLa balsa de la Medusa ; _v79 |
|
| 504 | _aBibliografía: p. 405-409. | ||
| 600 | 1 | 4 |
_aBenjamin, Walter, _d1892-1940 _9241507 |
| 830 | 0 | 3 |
_aLa balsa de la Medusa _v79 _9178610 |
| 852 |
_aES-MaACL _jL-30085 _z.- Donat. Miguel A. Velasco |
||
| 999 |
_c120725 _d120725 |
||